000 00916nam a2200241 a 4500
001 40076
003 BD-RjUL
005 20211209053130.0
008 160421s1985 ii |||| |||| 00| 0 ben d
020 _c: IRs. 25.00
035 _a(BD-RjUL)40191
040 _aBD-RjUL
_bben
_cBD-RjUL
041 _aben
082 _223
_a891.443
_bADH 1985
245 0 0 _aআধুনিক ভারতীয় গল্প /
_cমানবেন্দ্র বন্দোপাধ্যায় সম্পাদিত
260 _aকলিকাতা :
_bভূর্জপত্র,
_c১৯৮৫
300 _a খন্ড
_c২৪ সেমি.
505 _a খন্ড...১
650 _aবাংলা উপন্যাস
_9123408
650 _aBengali Fiction
_9123409
700 _aবন্দোপাধ্যায়, মানবেন্দ্র সম্পাদক
_9123410
942 _2ddc
_cBK
999 _c40076
_d40076